One does not develop people; they develop themselves = (Record no. 860)

MARC details
000 -LEADER
campo de control de longitud fija 00768nam a22001937a 4500
008 - DATOS DE LONGITUD FIJA--INFORMACIÓN GENERAL
campo de control de longitud fija 160222b xxu||||| |||| 00| 0 eng d
082 ## - NÚMERO DE LA CLASIFICACIÓN DECIMAL DEWEY
Número de clasificación 700.79
Número de ítem P954m
110 ## - ENTRADA PRINCIPAL--NOMBRE DE ENTIDAD CORPORATIVA
Nombre de entidad corporativa o nombre de jurisdicción como elemento de entrada Prince Claus Fund Library;
Sede del congreso/Lugar de la reunión Amsterdam
Fecha del congreso o de la firma del tratado 7 september 2002
9 (RLIN) 4736
245 ## - MENCIÓN DEL TÍTULO
Título One does not develop people; they develop themselves =
Resto del título Mensen worden niet ontwikkeld, ze ontwikkelen zichzelf.
Mención de responsabilidad, etc. Prince Claus Fund Library
246 ## - FORMA VARIANTE DEL TITULO
Resto del título Mensen worden niet ontwikkeld, ze ontwikkelen zichzelf.
260 ## - PUBLICACIÓN, DISTRIBUCIÓN, ETC.
Lugar de publicación, distribución, etc. Nederland:
Nombre del editor, distribuidor, etc. Prins Claus Fonds,
Fecha de publicación, distribución, etc. 2002
300 ## - DESCRIPCIÓN FÍSICA
Extensión 32 p.
Otras características físicas ill. (col.)
Dimensiones 24 cm.
500 ## - NOTA GENERAL
Nota general Textos en neerlandés e inglés
650 ## - PUNTO DE ACCESO ADICIONAL DE MATERIA--TÉRMINO DE MATERIA
9 (RLIN) 4741
Subdivisión de forma Arte Moderno
650 ## - PUNTO DE ACCESO ADICIONAL DE MATERIA--TÉRMINO DE MATERIA
Subdivisión de forma S. 21
9 (RLIN) 4742
650 ## - PUNTO DE ACCESO ADICIONAL DE MATERIA--TÉRMINO DE MATERIA
Subdivisión de forma Premios
9 (RLIN) 4743
700 ## - ENTRADA AGREGADA--NOMBRE PERSONAL
Nombre de persona Boom, Irma (comp.)
9 (RLIN) 4738
700 ## - ENTRADA AGREGADA--NOMBRE PERSONAL
Nombre de persona Pijnappel, Johan (comp.)
9 (RLIN) 4739
Holdings
Estatus retirado Estado de pérdida Fuente del sistema de clasificación o colocación Estado de daño No para préstamo Biblioteca de origen Biblioteca actual Ubicación en estantería Fecha de adquisición Total de préstamos Signatura topográfica completa Código de barras Visto por última vez Precio de reemplazo Tipo de ítem Koha
    Clasificación Decimal Dewey     Biblioteca LadoV Biblioteca LadoV   22/02/2016   700.79 P954m 000047 22/02/2016 22/02/2016 Material 01